Poděbrady - projekty a technická pomoc pro rozvoj města.

Stručné informácie o analýze funkčného využitia územia. Prvky a princípy pre navrhovaný rozvoj územia. Prvky regulačných zásad pre rozvoj územia sídla. Popis prvého konceptu princípu rozvoja územia.

Guardado en:
Detalles Bibliográficos
Autor principal: Smetana, T.
Formato: Capítulo de libro
Lenguaje:checo
Materias:
Etiquetas: Agregar Etiqueta
Sin Etiquetas, Sea el primero en etiquetar este registro!

MARC

LEADER 00000naa a2200000 4500
001 r012171
005 20220913122239.3
041 0 |a cze 
044 |a CZ 
245 1 0 |a Poděbrady - projekty a technická pomoc pro rozvoj města.  |c T. Smetana 
520 |a Stručné informácie o analýze funkčného využitia územia. Prvky a princípy pre navrhovaný rozvoj územia. Prvky regulačných zásad pre rozvoj územia sídla. Popis prvého konceptu princípu rozvoja územia. 
610 2 0 |a Poděbrady 
610 2 0 |a kúpele 
610 2 0 |a koncepcie 
610 2 0 |a mestá 
610 2 0 |a plánovanie územné 
100 1 |a Smetana, T.